<?xml version="1.0" encoding="UTF-8"?>
<record
    xmlns:xsi="http://www.w3.org/2001/XMLSchema-instance"
    xsi:schemaLocation="http://www.loc.gov/MARC21/slim http://www.loc.gov/standards/marcxml/schema/MARC21slim.xsd"
    xmlns="http://www.loc.gov/MARC21/slim">

  <leader>00304    a2200133   4500</leader>
  <controlfield tag="001">78268</controlfield>
  <datafield tag="082" ind1=" " ind2=" ">
    <subfield code="a">297 KHA</subfield>
  </datafield>
  <datafield tag="090" ind1=" " ind2=" ">
    <subfield code="c">39384</subfield>
    <subfield code="d">39384</subfield>
  </datafield>
  <datafield tag="100" ind1=" " ind2=" ">
    <subfield code="a">Khalil ur rehman</subfield>
  </datafield>
  <datafield tag="245" ind1=" " ind2=" ">
    <subfield code="a">Islamiat Compulsory</subfield>
    <subfield code="h">Urdu</subfield>
  </datafield>
  <datafield tag="260" ind1=" " ind2=" ">
    <subfield code="a">Lahore</subfield>
    <subfield code="b">1995</subfield>
    <subfield code="c">Jadeed Book Depot</subfield>
  </datafield>
  <datafield tag="300" ind1=" " ind2=" ">
    <subfield code="a">277p</subfield>
  </datafield>
  <datafield tag="500" ind1=" " ind2=" ">
    <subfield code="a">CFT Textbook</subfield>
  </datafield>
  <datafield tag="942" ind1=" " ind2=" ">
    <subfield code="a">CAE NUST</subfield>
    <subfield code="k">297 KHA</subfield>
  </datafield>
  <datafield tag="999" ind1=" " ind2=" ">
    <subfield code="c">313341</subfield>
    <subfield code="d">313341</subfield>
  </datafield>
  <datafield tag="952" ind1=" " ind2=" ">
    <subfield code="0">0</subfield>
    <subfield code="1">0</subfield>
    <subfield code="4">0</subfield>
    <subfield code="7">0</subfield>
    <subfield code="8">NFIC</subfield>
    <subfield code="a">CAE</subfield>
    <subfield code="b">CAE</subfield>
    <subfield code="d">2017-04-03</subfield>
    <subfield code="l">0</subfield>
    <subfield code="o">297 KHA</subfield>
    <subfield code="p">CAE53558</subfield>
    <subfield code="r">2017-04-05</subfield>
    <subfield code="w">2017-04-05</subfield>
    <subfield code="y">BK</subfield>
  </datafield>
  <datafield tag="952" ind1=" " ind2=" ">
    <subfield code="0">0</subfield>
    <subfield code="1">0</subfield>
    <subfield code="4">0</subfield>
    <subfield code="7">0</subfield>
    <subfield code="8">NFIC</subfield>
    <subfield code="a">CAE</subfield>
    <subfield code="b">CAE</subfield>
    <subfield code="d">2017-04-03</subfield>
    <subfield code="l">0</subfield>
    <subfield code="o">297 KHA</subfield>
    <subfield code="p">CAE53602</subfield>
    <subfield code="r">2017-04-05</subfield>
    <subfield code="w">2017-04-05</subfield>
    <subfield code="y">BK</subfield>
  </datafield>
  <datafield tag="952" ind1=" " ind2=" ">
    <subfield code="0">0</subfield>
    <subfield code="1">0</subfield>
    <subfield code="4">0</subfield>
    <subfield code="7">0</subfield>
    <subfield code="8">NFIC</subfield>
    <subfield code="a">CAE</subfield>
    <subfield code="b">CAE</subfield>
    <subfield code="d">2017-04-03</subfield>
    <subfield code="l">0</subfield>
    <subfield code="o">297 KHA</subfield>
    <subfield code="p">CAE53601</subfield>
    <subfield code="r">2017-04-05</subfield>
    <subfield code="w">2017-04-05</subfield>
    <subfield code="y">BK</subfield>
  </datafield>
  <datafield tag="952" ind1=" " ind2=" ">
    <subfield code="0">0</subfield>
    <subfield code="1">0</subfield>
    <subfield code="4">0</subfield>
    <subfield code="7">0</subfield>
    <subfield code="8">NFIC</subfield>
    <subfield code="a">CAE</subfield>
    <subfield code="b">CAE</subfield>
    <subfield code="d">2017-04-03</subfield>
    <subfield code="l">0</subfield>
    <subfield code="o">297 KHA</subfield>
    <subfield code="p">CAE53600</subfield>
    <subfield code="r">2017-04-05</subfield>
    <subfield code="w">2017-04-05</subfield>
    <subfield code="y">BK</subfield>
  </datafield>
  <datafield tag="952" ind1=" " ind2=" ">
    <subfield code="0">0</subfield>
    <subfield code="1">0</subfield>
    <subfield code="4">0</subfield>
    <subfield code="7">0</subfield>
    <subfield code="8">NFIC</subfield>
    <subfield code="a">CAE</subfield>
    <subfield code="b">CAE</subfield>
    <subfield code="d">2017-04-03</subfield>
    <subfield code="l">0</subfield>
    <subfield code="o">297 KHA</subfield>
    <subfield code="p">CAE53599</subfield>
    <subfield code="r">2017-04-05</subfield>
    <subfield code="w">2017-04-05</subfield>
    <subfield code="y">BK</subfield>
  </datafield>
  <datafield tag="952" ind1=" " ind2=" ">
    <subfield code="0">0</subfield>
    <subfield code="1">0</subfield>
    <subfield code="4">0</subfield>
    <subfield code="7">0</subfield>
    <subfield code="8">NFIC</subfield>
    <subfield code="a">CAE</subfield>
    <subfield code="b">CAE</subfield>
    <subfield code="d">2017-04-03</subfield>
    <subfield code="l">0</subfield>
    <subfield code="o">297 KHA</subfield>
    <subfield code="p">CAE53598</subfield>
    <subfield code="r">2017-04-05</subfield>
    <subfield code="w">2017-04-05</subfield>
    <subfield code="y">BK</subfield>
  </datafield>
  <datafield tag="952" ind1=" " ind2=" ">
    <subfield code="0">0</subfield>
    <subfield code="1">0</subfield>
    <subfield code="4">0</subfield>
    <subfield code="7">0</subfield>
    <subfield code="8">NFIC</subfield>
    <subfield code="a">CAE</subfield>
    <subfield code="b">CAE</subfield>
    <subfield code="d">2017-04-03</subfield>
    <subfield code="l">0</subfield>
    <subfield code="o">297 KHA</subfield>
    <subfield code="p">CAE53597</subfield>
    <subfield code="r">2017-04-05</subfield>
    <subfield code="w">2017-04-05</subfield>
    <subfield code="y">BK</subfield>
  </datafield>
  <datafield tag="952" ind1=" " ind2=" ">
    <subfield code="0">0</subfield>
    <subfield code="1">0</subfield>
    <subfield code="4">0</subfield>
    <subfield code="7">0</subfield>
    <subfield code="8">NFIC</subfield>
    <subfield code="a">CAE</subfield>
    <subfield code="b">CAE</subfield>
    <subfield code="d">2017-04-03</subfield>
    <subfield code="l">0</subfield>
    <subfield code="o">297 KHA</subfield>
    <subfield code="p">CAE53595</subfield>
    <subfield code="r">2017-04-05</subfield>
    <subfield code="w">2017-04-05</subfield>
    <subfield code="y">BK</subfield>
  </datafield>
  <datafield tag="952" ind1=" " ind2=" ">
    <subfield code="0">0</subfield>
    <subfield code="1">0</subfield>
    <subfield code="4">0</subfield>
    <subfield code="7">0</subfield>
    <subfield code="8">NFIC</subfield>
    <subfield code="a">CAE</subfield>
    <subfield code="b">CAE</subfield>
    <subfield code="d">2017-04-03</subfield>
    <subfield code="l">0</subfield>
    <subfield code="o">297 KHA</subfield>
    <subfield code="p">CAE53593</subfield>
    <subfield code="r">2017-04-05</subfield>
    <subfield code="w">2017-04-05</subfield>
    <subfield code="y">BK</subfield>
  </datafield>
  <datafield tag="952" ind1=" " ind2=" ">
    <subfield code="0">0</subfield>
    <subfield code="1">0</subfield>
    <subfield code="4">0</subfield>
    <subfield code="7">0</subfield>
    <subfield code="8">NFIC</subfield>
    <subfield code="a">CAE</subfield>
    <subfield code="b">CAE</subfield>
    <subfield code="d">2017-04-03</subfield>
    <subfield code="l">0</subfield>
    <subfield code="o">297 KHA</subfield>
    <subfield code="p">CAE53592</subfield>
    <subfield code="r">2017-04-05</subfield>
    <subfield code="w">2017-04-05</subfield>
    <subfield code="y">BK</subfield>
  </datafield>
  <datafield tag="952" ind1=" " ind2=" ">
    <subfield code="0">0</subfield>
    <subfield code="1">0</subfield>
    <subfield code="4">0</subfield>
    <subfield code="7">0</subfield>
    <subfield code="8">NFIC</subfield>
    <subfield code="a">CAE</subfield>
    <subfield code="b">CAE</subfield>
    <subfield code="d">2017-04-03</subfield>
    <subfield code="l">0</subfield>
    <subfield code="o">297 KHA</subfield>
    <subfield code="p">CAE53591</subfield>
    <subfield code="r">2017-04-05</subfield>
    <subfield code="w">2017-04-05</subfield>
    <subfield code="y">BK</subfield>
  </datafield>
  <datafield tag="952" ind1=" " ind2=" ">
    <subfield code="0">0</subfield>
    <subfield code="1">0</subfield>
    <subfield code="4">0</subfield>
    <subfield code="7">0</subfield>
    <subfield code="8">NFIC</subfield>
    <subfield code="a">CAE</subfield>
    <subfield code="b">CAE</subfield>
    <subfield code="d">2017-04-03</subfield>
    <subfield code="l">0</subfield>
    <subfield code="o">297 KHA</subfield>
    <subfield code="p">CAE53590</subfield>
    <subfield code="r">2017-04-05</subfield>
    <subfield code="w">2017-04-05</subfield>
    <subfield code="y">BK</subfield>
  </datafield>
  <datafield tag="952" ind1=" " ind2=" ">
    <subfield code="0">0</subfield>
    <subfield code="1">0</subfield>
    <subfield code="4">0</subfield>
    <subfield code="7">0</subfield>
    <subfield code="8">NFIC</subfield>
    <subfield code="a">CAE</subfield>
    <subfield code="b">CAE</subfield>
    <subfield code="d">2017-04-03</subfield>
    <subfield code="l">0</subfield>
    <subfield code="o">297 KHA</subfield>
    <subfield code="p">CAE53589</subfield>
    <subfield code="r">2017-04-05</subfield>
    <subfield code="w">2017-04-05</subfield>
    <subfield code="y">BK</subfield>
  </datafield>
  <datafield tag="952" ind1=" " ind2=" ">
    <subfield code="0">0</subfield>
    <subfield code="1">0</subfield>
    <subfield code="4">0</subfield>
    <subfield code="7">0</subfield>
    <subfield code="8">NFIC</subfield>
    <subfield code="a">CAE</subfield>
    <subfield code="b">CAE</subfield>
    <subfield code="d">2017-04-03</subfield>
    <subfield code="l">0</subfield>
    <subfield code="o">297 KHA</subfield>
    <subfield code="p">CAE53588</subfield>
    <subfield code="r">2017-04-05</subfield>
    <subfield code="w">2017-04-05</subfield>
    <subfield code="y">BK</subfield>
  </datafield>
  <datafield tag="952" ind1=" " ind2=" ">
    <subfield code="0">0</subfield>
    <subfield code="1">0</subfield>
    <subfield code="4">0</subfield>
    <subfield code="7">0</subfield>
    <subfield code="8">NFIC</subfield>
    <subfield code="a">CAE</subfield>
    <subfield code="b">CAE</subfield>
    <subfield code="d">2017-04-03</subfield>
    <subfield code="l">0</subfield>
    <subfield code="o">297 KHA</subfield>
    <subfield code="p">CAE53587</subfield>
    <subfield code="r">2017-04-05</subfield>
    <subfield code="w">2017-04-05</subfield>
    <subfield code="y">BK</subfield>
  </datafield>
  <datafield tag="952" ind1=" " ind2=" ">
    <subfield code="0">0</subfield>
    <subfield code="1">0</subfield>
    <subfield code="4">0</subfield>
    <subfield code="7">0</subfield>
    <subfield code="8">NFIC</subfield>
    <subfield code="a">CAE</subfield>
    <subfield code="b">CAE</subfield>
    <subfield code="d">2017-04-03</subfield>
    <subfield code="l">0</subfield>
    <subfield code="o">297 KHA</subfield>
    <subfield code="p">CAE53586</subfield>
    <subfield code="r">2017-04-05</subfield>
    <subfield code="w">2017-04-05</subfield>
    <subfield code="y">BK</subfield>
  </datafield>
  <datafield tag="952" ind1=" " ind2=" ">
    <subfield code="0">0</subfield>
    <subfield code="1">0</subfield>
    <subfield code="4">0</subfield>
    <subfield code="7">0</subfield>
    <subfield code="8">NFIC</subfield>
    <subfield code="a">CAE</subfield>
    <subfield code="b">CAE</subfield>
    <subfield code="d">2017-04-03</subfield>
    <subfield code="l">0</subfield>
    <subfield code="o">297 KHA</subfield>
    <subfield code="p">CAE53585</subfield>
    <subfield code="r">2017-04-05</subfield>
    <subfield code="w">2017-04-05</subfield>
    <subfield code="y">BK</subfield>
  </datafield>
  <datafield tag="952" ind1=" " ind2=" ">
    <subfield code="0">0</subfield>
    <subfield code="1">0</subfield>
    <subfield code="4">0</subfield>
    <subfield code="7">0</subfield>
    <subfield code="8">NFIC</subfield>
    <subfield code="a">CAE</subfield>
    <subfield code="b">CAE</subfield>
    <subfield code="d">2017-04-03</subfield>
    <subfield code="l">0</subfield>
    <subfield code="o">297 KHA</subfield>
    <subfield code="p">CAE53584</subfield>
    <subfield code="r">2017-04-05</subfield>
    <subfield code="w">2017-04-05</subfield>
    <subfield code="y">BK</subfield>
  </datafield>
  <datafield tag="952" ind1=" " ind2=" ">
    <subfield code="0">0</subfield>
    <subfield code="1">0</subfield>
    <subfield code="4">0</subfield>
    <subfield code="7">0</subfield>
    <subfield code="8">NFIC</subfield>
    <subfield code="a">CAE</subfield>
    <subfield code="b">CAE</subfield>
    <subfield code="d">2017-04-03</subfield>
    <subfield code="l">0</subfield>
    <subfield code="o">297 KHA</subfield>
    <subfield code="p">CAE53583</subfield>
    <subfield code="r">2017-04-05</subfield>
    <subfield code="w">2017-04-05</subfield>
    <subfield code="y">BK</subfield>
  </datafield>
  <datafield tag="952" ind1=" " ind2=" ">
    <subfield code="0">0</subfield>
    <subfield code="1">0</subfield>
    <subfield code="4">0</subfield>
    <subfield code="7">0</subfield>
    <subfield code="8">NFIC</subfield>
    <subfield code="a">CAE</subfield>
    <subfield code="b">CAE</subfield>
    <subfield code="d">2017-04-03</subfield>
    <subfield code="l">0</subfield>
    <subfield code="o">297 KHA</subfield>
    <subfield code="p">CAE53582</subfield>
    <subfield code="r">2017-04-05</subfield>
    <subfield code="w">2017-04-05</subfield>
    <subfield code="y">BK</subfield>
  </datafield>
  <datafield tag="952" ind1=" " ind2=" ">
    <subfield code="0">0</subfield>
    <subfield code="1">0</subfield>
    <subfield code="4">0</subfield>
    <subfield code="7">0</subfield>
    <subfield code="8">NFIC</subfield>
    <subfield code="a">CAE</subfield>
    <subfield code="b">CAE</subfield>
    <subfield code="d">2017-04-03</subfield>
    <subfield code="l">0</subfield>
    <subfield code="o">297 KHA</subfield>
    <subfield code="p">CAE53581</subfield>
    <subfield code="r">2017-04-05</subfield>
    <subfield code="w">2017-04-05</subfield>
    <subfield code="y">BK</subfield>
  </datafield>
  <datafield tag="952" ind1=" " ind2=" ">
    <subfield code="0">0</subfield>
    <subfield code="1">0</subfield>
    <subfield code="4">0</subfield>
    <subfield code="7">0</subfield>
    <subfield code="8">NFIC</subfield>
    <subfield code="a">CAE</subfield>
    <subfield code="b">CAE</subfield>
    <subfield code="d">2017-04-03</subfield>
    <subfield code="l">0</subfield>
    <subfield code="o">297 KHA</subfield>
    <subfield code="p">CAE53580</subfield>
    <subfield code="r">2017-04-05</subfield>
    <subfield code="w">2017-04-05</subfield>
    <subfield code="y">BK</subfield>
  </datafield>
  <datafield tag="952" ind1=" " ind2=" ">
    <subfield code="0">0</subfield>
    <subfield code="1">0</subfield>
    <subfield code="4">0</subfield>
    <subfield code="7">0</subfield>
    <subfield code="8">NFIC</subfield>
    <subfield code="a">CAE</subfield>
    <subfield code="b">CAE</subfield>
    <subfield code="d">2017-04-03</subfield>
    <subfield code="l">0</subfield>
    <subfield code="o">297 KHA</subfield>
    <subfield code="p">CAE53579</subfield>
    <subfield code="r">2017-04-05</subfield>
    <subfield code="w">2017-04-05</subfield>
    <subfield code="y">BK</subfield>
  </datafield>
  <datafield tag="952" ind1=" " ind2=" ">
    <subfield code="0">0</subfield>
    <subfield code="1">0</subfield>
    <subfield code="4">0</subfield>
    <subfield code="7">0</subfield>
    <subfield code="8">NFIC</subfield>
    <subfield code="a">CAE</subfield>
    <subfield code="b">CAE</subfield>
    <subfield code="d">2017-04-03</subfield>
    <subfield code="l">0</subfield>
    <subfield code="o">297 KHA</subfield>
    <subfield code="p">CAE53578</subfield>
    <subfield code="r">2017-04-05</subfield>
    <subfield code="w">2017-04-05</subfield>
    <subfield code="y">BK</subfield>
  </datafield>
  <datafield tag="952" ind1=" " ind2=" ">
    <subfield code="0">0</subfield>
    <subfield code="1">0</subfield>
    <subfield code="4">0</subfield>
    <subfield code="7">0</subfield>
    <subfield code="8">NFIC</subfield>
    <subfield code="a">CAE</subfield>
    <subfield code="b">CAE</subfield>
    <subfield code="d">2017-04-03</subfield>
    <subfield code="l">0</subfield>
    <subfield code="o">297 KHA</subfield>
    <subfield code="p">CAE53577</subfield>
    <subfield code="r">2017-04-05</subfield>
    <subfield code="w">2017-04-05</subfield>
    <subfield code="y">BK</subfield>
  </datafield>
  <datafield tag="952" ind1=" " ind2=" ">
    <subfield code="0">0</subfield>
    <subfield code="1">0</subfield>
    <subfield code="4">0</subfield>
    <subfield code="7">0</subfield>
    <subfield code="8">NFIC</subfield>
    <subfield code="a">CAE</subfield>
    <subfield code="b">CAE</subfield>
    <subfield code="d">2017-04-03</subfield>
    <subfield code="l">0</subfield>
    <subfield code="o">297 KHA</subfield>
    <subfield code="p">CAE53576</subfield>
    <subfield code="r">2017-04-05</subfield>
    <subfield code="w">2017-04-05</subfield>
    <subfield code="y">BK</subfield>
  </datafield>
  <datafield tag="952" ind1=" " ind2=" ">
    <subfield code="0">0</subfield>
    <subfield code="1">0</subfield>
    <subfield code="4">0</subfield>
    <subfield code="7">0</subfield>
    <subfield code="8">NFIC</subfield>
    <subfield code="a">CAE</subfield>
    <subfield code="b">CAE</subfield>
    <subfield code="d">2017-04-03</subfield>
    <subfield code="l">0</subfield>
    <subfield code="o">297 KHA</subfield>
    <subfield code="p">CAE53575</subfield>
    <subfield code="r">2017-04-05</subfield>
    <subfield code="w">2017-04-05</subfield>
    <subfield code="y">BK</subfield>
  </datafield>
  <datafield tag="952" ind1=" " ind2=" ">
    <subfield code="0">0</subfield>
    <subfield code="1">0</subfield>
    <subfield code="4">0</subfield>
    <subfield code="7">0</subfield>
    <subfield code="8">NFIC</subfield>
    <subfield code="a">CAE</subfield>
    <subfield code="b">CAE</subfield>
    <subfield code="d">2017-04-03</subfield>
    <subfield code="l">0</subfield>
    <subfield code="o">297 KHA</subfield>
    <subfield code="p">CAE53574</subfield>
    <subfield code="r">2017-04-05</subfield>
    <subfield code="w">2017-04-05</subfield>
    <subfield code="y">BK</subfield>
  </datafield>
  <datafield tag="952" ind1=" " ind2=" ">
    <subfield code="0">0</subfield>
    <subfield code="1">0</subfield>
    <subfield code="4">0</subfield>
    <subfield code="7">0</subfield>
    <subfield code="8">NFIC</subfield>
    <subfield code="a">CAE</subfield>
    <subfield code="b">CAE</subfield>
    <subfield code="d">2017-04-03</subfield>
    <subfield code="l">0</subfield>
    <subfield code="o">297 KHA</subfield>
    <subfield code="p">CAE53573</subfield>
    <subfield code="r">2017-04-05</subfield>
    <subfield code="w">2017-04-05</subfield>
    <subfield code="y">BK</subfield>
  </datafield>
  <datafield tag="952" ind1=" " ind2=" ">
    <subfield code="0">0</subfield>
    <subfield code="1">0</subfield>
    <subfield code="4">0</subfield>
    <subfield code="7">0</subfield>
    <subfield code="8">NFIC</subfield>
    <subfield code="a">CAE</subfield>
    <subfield code="b">CAE</subfield>
    <subfield code="d">2017-04-03</subfield>
    <subfield code="l">0</subfield>
    <subfield code="o">297 KHA</subfield>
    <subfield code="p">CAE53572</subfield>
    <subfield code="r">2017-04-05</subfield>
    <subfield code="w">2017-04-05</subfield>
    <subfield code="y">BK</subfield>
  </datafield>
  <datafield tag="952" ind1=" " ind2=" ">
    <subfield code="0">0</subfield>
    <subfield code="1">0</subfield>
    <subfield code="4">0</subfield>
    <subfield code="7">0</subfield>
    <subfield code="8">NFIC</subfield>
    <subfield code="a">CAE</subfield>
    <subfield code="b">CAE</subfield>
    <subfield code="d">2017-04-03</subfield>
    <subfield code="l">0</subfield>
    <subfield code="o">297 KHA</subfield>
    <subfield code="p">CAE53571</subfield>
    <subfield code="r">2017-04-05</subfield>
    <subfield code="w">2017-04-05</subfield>
    <subfield code="y">BK</subfield>
  </datafield>
  <datafield tag="952" ind1=" " ind2=" ">
    <subfield code="0">0</subfield>
    <subfield code="1">0</subfield>
    <subfield code="4">0</subfield>
    <subfield code="7">0</subfield>
    <subfield code="8">NFIC</subfield>
    <subfield code="a">CAE</subfield>
    <subfield code="b">CAE</subfield>
    <subfield code="d">2017-04-03</subfield>
    <subfield code="l">0</subfield>
    <subfield code="o">297 KHA</subfield>
    <subfield code="p">CAE53570</subfield>
    <subfield code="r">2017-04-05</subfield>
    <subfield code="w">2017-04-05</subfield>
    <subfield code="y">BK</subfield>
  </datafield>
  <datafield tag="952" ind1=" " ind2=" ">
    <subfield code="0">0</subfield>
    <subfield code="1">0</subfield>
    <subfield code="4">0</subfield>
    <subfield code="7">0</subfield>
    <subfield code="8">NFIC</subfield>
    <subfield code="a">CAE</subfield>
    <subfield code="b">CAE</subfield>
    <subfield code="d">2017-04-03</subfield>
    <subfield code="l">0</subfield>
    <subfield code="o">297 KHA</subfield>
    <subfield code="p">CAE53569</subfield>
    <subfield code="r">2017-04-05</subfield>
    <subfield code="w">2017-04-05</subfield>
    <subfield code="y">BK</subfield>
  </datafield>
  <datafield tag="952" ind1=" " ind2=" ">
    <subfield code="0">0</subfield>
    <subfield code="1">0</subfield>
    <subfield code="4">0</subfield>
    <subfield code="7">0</subfield>
    <subfield code="8">NFIC</subfield>
    <subfield code="a">CAE</subfield>
    <subfield code="b">CAE</subfield>
    <subfield code="d">2017-04-03</subfield>
    <subfield code="l">0</subfield>
    <subfield code="o">297 KHA</subfield>
    <subfield code="p">CAE53568</subfield>
    <subfield code="r">2017-04-05</subfield>
    <subfield code="w">2017-04-05</subfield>
    <subfield code="y">BK</subfield>
  </datafield>
  <datafield tag="952" ind1=" " ind2=" ">
    <subfield code="0">0</subfield>
    <subfield code="1">0</subfield>
    <subfield code="4">0</subfield>
    <subfield code="7">0</subfield>
    <subfield code="8">NFIC</subfield>
    <subfield code="a">CAE</subfield>
    <subfield code="b">CAE</subfield>
    <subfield code="d">2017-04-03</subfield>
    <subfield code="l">0</subfield>
    <subfield code="o">297 KHA</subfield>
    <subfield code="p">CAE53567</subfield>
    <subfield code="r">2017-04-05</subfield>
    <subfield code="w">2017-04-05</subfield>
    <subfield code="y">BK</subfield>
  </datafield>
  <datafield tag="952" ind1=" " ind2=" ">
    <subfield code="0">0</subfield>
    <subfield code="1">0</subfield>
    <subfield code="4">0</subfield>
    <subfield code="7">0</subfield>
    <subfield code="8">NFIC</subfield>
    <subfield code="a">CAE</subfield>
    <subfield code="b">CAE</subfield>
    <subfield code="d">2017-04-03</subfield>
    <subfield code="l">0</subfield>
    <subfield code="o">297 KHA</subfield>
    <subfield code="p">CAE53566</subfield>
    <subfield code="r">2017-04-05</subfield>
    <subfield code="w">2017-04-05</subfield>
    <subfield code="y">BK</subfield>
  </datafield>
  <datafield tag="952" ind1=" " ind2=" ">
    <subfield code="0">0</subfield>
    <subfield code="1">0</subfield>
    <subfield code="4">0</subfield>
    <subfield code="7">0</subfield>
    <subfield code="8">NFIC</subfield>
    <subfield code="a">CAE</subfield>
    <subfield code="b">CAE</subfield>
    <subfield code="d">2017-04-03</subfield>
    <subfield code="l">0</subfield>
    <subfield code="o">297 KHA</subfield>
    <subfield code="p">CAE53565</subfield>
    <subfield code="r">2017-04-05</subfield>
    <subfield code="w">2017-04-05</subfield>
    <subfield code="y">BK</subfield>
  </datafield>
  <datafield tag="952" ind1=" " ind2=" ">
    <subfield code="0">0</subfield>
    <subfield code="1">0</subfield>
    <subfield code="4">0</subfield>
    <subfield code="7">0</subfield>
    <subfield code="8">NFIC</subfield>
    <subfield code="a">CAE</subfield>
    <subfield code="b">CAE</subfield>
    <subfield code="d">2017-04-03</subfield>
    <subfield code="l">0</subfield>
    <subfield code="o">297 KHA</subfield>
    <subfield code="p">CAE53564</subfield>
    <subfield code="r">2017-04-05</subfield>
    <subfield code="w">2017-04-05</subfield>
    <subfield code="y">BK</subfield>
  </datafield>
  <datafield tag="952" ind1=" " ind2=" ">
    <subfield code="0">0</subfield>
    <subfield code="1">0</subfield>
    <subfield code="4">0</subfield>
    <subfield code="7">0</subfield>
    <subfield code="8">NFIC</subfield>
    <subfield code="a">CAE</subfield>
    <subfield code="b">CAE</subfield>
    <subfield code="d">2017-04-03</subfield>
    <subfield code="l">0</subfield>
    <subfield code="o">297 KHA</subfield>
    <subfield code="p">CAE53563</subfield>
    <subfield code="r">2017-04-05</subfield>
    <subfield code="w">2017-04-05</subfield>
    <subfield code="y">BK</subfield>
  </datafield>
  <datafield tag="952" ind1=" " ind2=" ">
    <subfield code="0">0</subfield>
    <subfield code="1">0</subfield>
    <subfield code="4">0</subfield>
    <subfield code="7">0</subfield>
    <subfield code="8">NFIC</subfield>
    <subfield code="a">CAE</subfield>
    <subfield code="b">CAE</subfield>
    <subfield code="d">2017-04-03</subfield>
    <subfield code="l">0</subfield>
    <subfield code="o">297 KHA</subfield>
    <subfield code="p">CAE53562</subfield>
    <subfield code="r">2017-04-05</subfield>
    <subfield code="w">2017-04-05</subfield>
    <subfield code="y">BK</subfield>
  </datafield>
  <datafield tag="952" ind1=" " ind2=" ">
    <subfield code="0">0</subfield>
    <subfield code="1">0</subfield>
    <subfield code="4">0</subfield>
    <subfield code="7">0</subfield>
    <subfield code="8">NFIC</subfield>
    <subfield code="a">CAE</subfield>
    <subfield code="b">CAE</subfield>
    <subfield code="d">2017-04-03</subfield>
    <subfield code="l">0</subfield>
    <subfield code="o">297 KHA</subfield>
    <subfield code="p">CAE53561</subfield>
    <subfield code="r">2017-04-05</subfield>
    <subfield code="w">2017-04-05</subfield>
    <subfield code="y">BK</subfield>
  </datafield>
  <datafield tag="952" ind1=" " ind2=" ">
    <subfield code="0">0</subfield>
    <subfield code="1">0</subfield>
    <subfield code="4">0</subfield>
    <subfield code="7">0</subfield>
    <subfield code="8">NFIC</subfield>
    <subfield code="a">CAE</subfield>
    <subfield code="b">CAE</subfield>
    <subfield code="d">2017-04-03</subfield>
    <subfield code="l">0</subfield>
    <subfield code="o">297 KHA</subfield>
    <subfield code="p">CAE53560</subfield>
    <subfield code="r">2017-04-05</subfield>
    <subfield code="w">2017-04-05</subfield>
    <subfield code="y">BK</subfield>
  </datafield>
</record>
